[Event "4th EUR-ch"]
[Site "Istanbul TUR"]
[Date "2003.06.10"]
[Round "10.13"]
[White "Sulskis, Sarunas"]
[Black "Kharlov, Andrei"]
[Result "0-1"]
[WhiteElo "2578"]
[BlackElo "2581"]
[EventDate "2003.05.30"]
[PlyCount "70"]

1.e4 e5 2.Nf3 Nc6 3.Bc4 Bc5 4.b4 Bb6 5.c3 Nf6 6.d3 d6 7.a4 a6 8.O-O h6 9.
Be3 Bxe3 10.fxe3 Be6 11.Nbd2 Bxc4 12.Nxc4 O-O 13.b5 Ne7 14.Qb3 b6 15.Nh4 
axb5 16.axb5 Rxa1 17.Rxa1 g6 18.Nf3 Kg7 19.h3 Re8 20.g4 Neg8 21.Ra7 Nd7 
22.Kg2 Ngf6 23.Ncd2 Nc5 24.Qc4 d5 25.exd5 Nxd5 26.Kf2 Nf6 27.d4 e4 28.dxc5
exf3 29.Nxf3 Ne4+ 30.Ke2 bxc5 31.b6 Qf6 32.Rxc7 Nxc3+ 33.Kd3 Nd1 34.Qd5 
Qc3+ 35.Ke2 Qc2+ 0-1

[Event "4th EUR-ch"]
[Site "Istanbul TUR"]
[Date "2003.06.10"]
[Round "10.15"]
[White "Naer, Evgeny"]
[Black "Ivanchuk, Vasyl"]
[Result "0-1"]
[WhiteElo "2606"]
[BlackElo "2704"]
[EventDate "2003.05.30"]
[PlyCount "76"]

1.Nf3 c5 2.e4 Nc6 3.d4 cxd4 4.Nxd4 Nf6 5.Nc3 e5 6.Ndb5 d6 7.Bg5 a6 8.Na3 
b5 9.Bxf6 gxf6 10.Nd5 f5 11.Bd3 Be6 12.O-O Bxd5 13.exd5 Ne7 14.c4 Bg7 15.
Qd2 bxc4 16.Nxc4 O-O 17.a4 e4 18.Be2 Ng6 19.f4 exf3 20.Rxf3 f4 21.Kh1 Qc7 
22.Raf1 Rae8 23.Bd3 f5 24.g3 Qc5 25.Qf2 Bd4 26.Qg2 Kh8 27.h4 Rg8 28.Qh3 
Ref8 29.gxf4 Qxd5 30.Kh2 Bf6 31.Qxf5 Qxf5 32.Bxf5 Nxh4 33.Be6 Nxf3+ 34.
Rxf3 Rg7 35.b4 Be5 36.fxe5 Rxf3 37.exd6 Rf2+ 38.Kh1 Rf4 0-1

[Event "4th EUR-ch"]
[Site "Istanbul TUR"]
[Date "2003.06.10"]
[Round "10.18"]
[White "Kozul, Zdenko"]
[Black "Tkachiev, Vladislav"]
[Result "1/2-1/2"]
[WhiteElo "2601"]
[BlackElo "2643"]
[EventDate "2003.05.30"]
[PlyCount "78"]

1.d4 d5 2.c4 c6 3.e3 Nf6 4.Nc3 a6 5.Nf3 b5 6.cxd5 cxd5 7.Ne5 e6 8.Bd3 Bb7 
9.O-O Nbd7 10.f4 Bd6 11.Bd2 O-O 12.Qb1 Nb6 13.Be1 g6 14.a4 b4 15.Ne2 Ne4 
16.a5 Nd7 17.Nc1 f6 18.Nf3 Qb8 19.Nd2 Nxd2 20.Bxd2 f5 21.Nb3 Bc6 22.Qd1 
Bb5 23.Qe2 Bxd3 24.Qxd3 Rc8 25.Rfc1 Qb7 26.Be1 Rxc1 27.Rxc1 Rc8 28.Kf1 Be7
29.Rxc8+ Qxc8 30.Ke2 Nb8 31.h3 Qc6 32.Kd1 Kf7 33.g4 Qc7 34.g5 Qc6 35.h4 
Qa4 36.Kc2 Qc6+ 37.Kb1 Qa4 38.Kc2 Bd8 39.Kb1 Be7 1/2-1/2

[Event "4th EUR-ch"]
[Site "Istanbul TUR"]
[Date "2003.06.10"]
[Round "10.19"]
[White "Gurevich, Mikhail"]
[Black "Agrest, Evgenij"]
[Result "1/2-1/2"]
[WhiteElo "2635"]
[BlackElo "2591"]
[EventDate "2003.05.30"]
[PlyCount "92"]

1.d4 Nf6 2.c4 e6 3.Nc3 Bb4 4.Qc2 d6 5.a3 Bxc3+ 6.Qxc3 O-O 7.g3 e5 8.dxe5 
dxe5 9.Bg2 Re8 10.Nf3 Nc6 11.Be3 a5 12.Rd1 Qe7 13.O-O h6 14.h3 Bf5 15.Qb3 
a4 16.Qc3 Bh7 17.g4 Be4 18.Rfe1 Qe6 19.g5 Bxf3 20.exf3 hxg5 21.Bxg5 Qf5 
22.f4 exf4 23.Bxf6 Qxf6 24.Qxf6 gxf6 25.Bxc6 bxc6 26.Rxe8+ Rxe8 27.Kg2 Rb8
28.Rd7 Rxb2 29.Rd8+ Kg7 30.Ra8 Rb3 31.Rxa4 Rc3 32.h4 c5 33.Ra7 Rxc4 34.
Rxc7 Ra4 35.Rxc5 Rxa3 36.Rf5 Kg6 37.Rxf4 f5 38.Rf3 Ra4 39.Kg3 Rg4+ 40.Kh3 
f6 41.Rg3 Kh5 42.Rxg4 fxg4+ 43.Kg3 f5 44.f3 f4+ 45.Kxf4 gxf3 46.Kxf3 Kxh4 
1/2-1/2

[Event "4th EUR-ch"]
[Site "Istanbul TUR"]
[Date "2003.06.10"]
[Round "10.22"]
[White "Tregubov, Pavel"]
[Black "Pavasovic, Dusko"]
[Result "1/2-1/2"]
[WhiteElo "2632"]
[BlackElo "2584"]
[EventDate "2003.05.30"]
[PlyCount "132"]

1.d4 d5 2.c4 e6 3.Nf3 c6 4.e3 Nf6 5.Bd3 dxc4 6.Bxc4 Nbd7 7.O-O Bd6 8.b3 
O-O 9.Bb2 Qc7 10.Nbd2 e5 11.h3 h6 12.e4 exd4 13.Nxd4 Re8 14.Re1 Bh2+ 15.
Kh1 Bf4 16.N4f3 Ne5 17.Nxe5 Bxe5 18.Bxe5 Qxe5 19.Nf3 Qa5 20.e5 Nh7 21.Qe2 
Nf8 22.Nd4 Bd7 23.f4 c5 24.Nb5 Bxb5 25.Bxb5 Re7 26.f5 a6 27.f6 gxf6 28.
Qg4+ Ng6 29.Bc4 Kh7 30.Rf1 Nxe5 31.Qf5+ Ng6 32.h4 h5 33.Qxf6 Rf8 34.Rf5 
Re1+ 35.Kh2 Qc7+ 36.g3 Re5 37.Bxf7 Nxh4 38.Rxe5 Qxe5 39.Qxe5 Nf3+ 40.Kg2 
Nxe5 41.Bxh5 Rd8 42.Re1 Rd2+ 43.Kh3 Nc6 44.a4 Rd3 45.Bf7 Kg7 46.Bc4 Rc3 
47.Kh4 b5 48.axb5 axb5 49.Bxb5 Nd4 50.Re7+ Kf6 51.Rb7 Rxb3 52.Ba6 Nf5+ 53.
Kg4 Ra3 54.Be2 Nxg3 55.Bc4 Ne4 56.Kf4 Nd6 57.Rb6 Ke7 58.Bd5 Ra1 59.Rc6 
Rf1+ 60.Ke3 Re1+ 61.Kf4 Rc1 62.Ke5 Re1+ 63.Kf4 c4 64.Bxc4 Re4+ 65.Kf3 Rxc4
66.Rxc4 Nxc4 1/2-1/2

[Event "4th EUR-ch"]
[Site "Istanbul TUR"]
[Date "2003.06.10"]
[Round "10.23"]
[White "Moiseenko, Olexandr"]
[Black "Gagunashvili, Merab"]
[Result "1-0"]
[WhiteElo "2627"]
[BlackElo "2580"]
[EventDate "2003.05.30"]
[PlyCount "57"]

1.d4 d5 2.c4 c6 3.Nc3 Nf6 4.Nf3 dxc4 5.a4 Bf5 6.Nh4 Bd7 7.e3 b5 8.Nf3 e6 
9.Ne5 a5 10.Qf3 Ra7 11.g4 h6 12.h4 Bb4 13.Bd2 Qe7 14.g5 hxg5 15.hxg5 Rxh1 
16.Qxh1 Nd5 17.g6 f6 18.Nf7 Bxc3 19.bxc3 e5 20.axb5 exd4 21.Qh8+ Qf8 22.
Qh2 Ra8 23.Bxc4 dxe3 24.fxe3 Be6 25.e4 Qe7 26.bxc6 Nxc6 27.exd5 Bxf7+ 28.
Kf1 Bg8 29.Bb5 
    {Now a strange thing happened here which neither player noticed ... 
    black has already moved the queen side rook on move 10 so technically 
    castling is illegal ...}
1-0

[Event "4th EUR-ch"]
[Site "Istanbul TUR"]
[Date "2003.06.10"]
[Round "10.24"]
[White "Gashimov, Vugar"]
[Black "Tiviakov, Sergei"]
[Result "1/2-1/2"]
[WhiteElo "2579"]
[BlackElo "2623"]
[EventDate "2003.05.30"]
[PlyCount "26"]

1.e4 c5 2.Nf3 Nc6 3.d4 cxd4 4.Nxd4 g6 5.Nc3 Bg7 6.Be3 Nf6 7.Bc4 O-O 8.Bb3 
a5 9.O-O d6 10.h3 Nxd4 11.Bxd4 Bd7 12.a4 Bc6 13.Qd3 Nd7 1/2-1/2

[Event "4th EUR-ch"]
[Site "Istanbul TUR"]
[Date "2003.06.10"]
[Round "10.25"]
[White "Smirnov, Pavel"]
[Black "Mchedlishvili, Mikheil"]
[Result "1/2-1/2"]
[WhiteElo "2615"]
[BlackElo "2560"]
[EventDate "2003.05.30"]
[PlyCount "74"]

1.e4 c6 2.d4 d5 3.e5 Bf5 4.Be3 e6 5.Nd2 Nd7 6.Ngf3 Ne7 7.Be2 Bg6 8.O-O Nf5
9.c4 Nxe3 10.fxe3 Be7 11.cxd5 cxd5 12.Qb3 Qb6 13.Bb5 Rd8 14.Qa4 a6 15.
Bxd7+ Rxd7 16.Rac1 Qd8 17.Rc3 O-O 18.Rfc1 Qe8 19.Nb3 h6 20.Rc8 Rd8 21.Qxe8
Rfxe8 22.R8c7 b6 23.R1c6 Rb8 24.Kf2 a5 25.Ke2 Bd8 26.Rc8 Rxc8 27.Rxc8 Kf8 
28.Ne1 Ke7 29.Nd3 Kd7 30.Rc1 Be7 31.Nf4 Bh7 32.Nh5 Bf8 33.g4 Bg6 34.h4 Be4
35.Ng3 Bh7 36.Rf1 Ke7 37.Rc1 Kd7 1/2-1/2

[Event "4th EUR-ch"]
[Site "Istanbul TUR"]
[Date "2003.06.10"]
[Round "10.26"]
[White "Romanyshyn, Oleh"]
[Black "Ftacnik, Lubomir"]
[Result "1/2-1/2"]
[WhiteElo "2558"]
[BlackElo "2611"]
[EventDate "2003.05.30"]
[PlyCount "104"]

1.d4 Nf6 2.Nf3 g6 3.g3 Bg7 4.Bg2 O-O 5.c4 d5 6.cxd5 Nxd5 7.O-O Nb6 8.Nc3 
Nc6 9.d5 Na5 10.e4 c6 11.Bg5 h6 12.Bf4 cxd5 13.Nxd5 Nac4 14.Nc7 Rb8 15.
Qxd8 Rxd8 16.Rad1 Bg4 17.b3 Rxd1 18.Rxd1 Ne5 19.Bxe5 Bxe5 20.Nd5 Nxd5 21.
Rxd5 Bc7 22.h3 Be6 23.Rd2 Ba5 24.Rc2 Rd8 25.Ne5 Rd1+ 26.Kh2 Bb6 27.h4 Bd4 
28.Nf3 b6 29.Nxd4 Rxd4 30.f3 Rd3 31.Kg1 a5 32.Kf2 a4 33.bxa4 Ra3 34.Rb2 
Rxa2 35.Rxa2 Bxa2 36.Bf1 e5 37.f4 f6 38.Ke3 Kf7 39.fxe5 fxe5 40.Kd2 Ke7 
41.Kc3 Kd6 42.Kb4 Bb1 43.Bg2 Bd3 44.Bf3 Ke6 45.Kc3 Ba6 46.Kb4 Bf1 47.h5 
gxh5 48.Bxh5 Bd3 49.Bg6 Kd6 50.Bf5 Ke7 51.a5 bxa5+ 52.Kxa5 Kd6 1/2-1/2

[Event "4th EUR-ch"]
[Site "Istanbul TUR"]
[Date "2003.06.10"]
[Round "10.28"]
[White "Dolmatov, Sergei"]
[Black "Korobov, Anton"]
[Result "1-0"]
[WhiteElo "2606"]
[BlackElo "2513"]
[EventDate "2003.05.30"]
[PlyCount "51"]

1.e4 c5 2.Nc3 e6 3.Nf3 d6 4.d4 cxd4 5.Nxd4 Nf6 6.g4 Nc6 7.g5 Nd7 8.Be3 Be7
9.h4 O-O 10.Qd2 Nxd4 11.Bxd4 a6 12.O-O-O b5 13.Kb1 Bb7 14.a3 Ne5 15.Qe3 
Qc7 16.f4 Nc4 17.Bxc4 Qxc4 18.Rhg1 Rfe8 19.f5 exf5 20.exf5 Bf8 21.Qf2 Rac8
22.h5 a5 23.g6 b4 24.gxh7+ Kxh7 25.h6 g6 26.fxg6+ 1-0

[Event "4th EUR-ch"]
[Site "Istanbul TUR"]
[Date "2003.06.10"]
[Round "10.29"]
[White "Kempinski, Robert"]
[Black "Sokolov, Ivan"]
[Result "0-1"]
[WhiteElo "2553"]
[BlackElo "2677"]
[EventDate "2003.05.30"]
[PlyCount "62"]

1.Nf3 d5 2.d4 Nf6 3.c4 e6 4.Nc3 Nbd7 5.cxd5 exd5 6.Bg5 c6 7.Qc2 Bd6 8.e3 
Nf8 9.Bd3 Ng6 10.O-O-O h6 11.Bxf6 Qxf6 12.e4 Nf4 13.exd5 Nxd3+ 14.Qxd3 O-O
15.dxc6 Bf5 16.Qd2 Bh7 17.Ne5 Bxe5 18.dxe5 Qxc6 19.b3 Rad8 20.Qe3 b5 21.a3
a5 22.Rxd8 Rxd8 23.Rd1 Rc8 24.Kd2 b4 25.axb4 axb4 26.Ne2 Qxg2 27.Rc1 Rd8+ 
28.Nd4 Ra8 29.Nc2 Ra2 30.Qd4 Bg6 31.h4 Qc6 0-1

[Event "4th EUR-ch"]
[Site "Istanbul TUR"]
[Date "2003.06.10"]
[Round "10.32"]
[White "Bacrot, Etienne"]
[Black "Halkias, Stelios"]
[Result "1-0"]
[WhiteElo "2654"]
[BlackElo "2542"]
[EventDate "2003.05.30"]
[PlyCount "109"]

1.d4 d5 2.c4 e6 3.Nf3 c5 4.cxd5 exd5 5.g3 Nf6 6.Bg2 Be7 7.Nc3 Nc6 8.O-O 
O-O 9.Bg5 c4 10.Ne5 Be6 11.f4 Ng4 12.Nxg4 Bxg4 13.Bxd5 Bxg5 14.fxg5 Qxg5 
15.Rf4 Be6 16.Bg2 Rad8 17.d5 Ne7 18.e4 Ng6 19.Rf2 Bd7 20.Qd4 Ne5 21.Qxa7 
Nd3 22.Re2 Qe5 23.Qb6 Bg4 24.Rd2 Rd6 25.Qe3 f5 26.Rf1 Rdf6 27.d6 Rxd6 28.
h3 Bh5 29.Qg5 Bg6 30.exf5 h6 31.Qh4 Qc5+ 32.Kh1 Bxf5 33.Qe7 Rf7 34.Qxf7+ 
Kxf7 35.Ne4 Qe3 36.Nxd6+ Ke6 37.Nxc4 Qxg3 38.Re2+ Kf6 39.Ne3 g6 40.Nxf5 
gxf5 41.Rf3 Qg5 42.Rxd3 Qc1+ 43.Kh2 Qf4+ 44.Kg1 Qc1+ 45.Bf1 Qg5+ 46.Rg2 
Qf4 47.Rf2 Qg5+ 48.Kh1 Qh4 49.Rdf3 Ke7 50.Rxf5 Qe4+ 51.Kg1 Qe3 52.Rf7+ Kd6
53.Rxb7 Qg5+ 54.Bg2 Qc1+ 55.Kh2 1-0

[Event "4th EUR-ch"]
[Site "Istanbul TUR"]
[Date "2003.06.10"]
[Round "10.34"]
[White "Kurajica, Bojan"]
[Black "Lastin, Alexander"]
[Result "0-1"]
[WhiteElo "2551"]
[BlackElo "2632"]
[EventDate "2003.05.30"]
[PlyCount "86"]

1.d4 d5 2.c4 c6 3.e3 Nf6 4.Nc3 a6 5.cxd5 cxd5 6.g3 b5 7.Bg2 Bb7 8.Nge2 e6 
9.O-O Bd6 10.b3 O-O 11.Bb2 Nc6 12.Rc1 Rc8 13.Nf4 Qe7 14.Qe2 Rc7 15.Nd3 
Rfc8 16.Nb1 b4 17.Nc5 Bxc5 18.Rxc5 Nd7 19.Rcc1 a5 20.a4 Ndb8 21.Rfe1 Ba6 
22.Qd2 Qd8 23.h4 Nd7 24.e4 Ne7 25.Rxc7 Rxc7 26.e5 Qc8 27.Rc1 Rxc1+ 28.Qxc1
Qxc1+ 29.Bxc1 Nb8 30.g4 Bd3 31.Nd2 Nbc6 32.Bb2 h5 33.Bf3 hxg4 34.Bxg4 Ng6 
35.h5 Nf4 36.Kh2 Bc2 37.Ba1 Nd3 38.Be2 Nc1 39.Bb5 Ne7 40.Bb2 Nxb3 41.Bd3 
Nxd4 42.Bxc2 Nxc2 43.Nb3 Nc6 0-1

[Event "4th EUR-ch"]
[Site "Istanbul TUR"]
[Date "2003.06.10"]
[Round "10.35"]
[White "Baklan, Volodymyr"]
[Black "Svetuschin, Dumitru"]
[Result "1/2-1/2"]
[WhiteElo "2607"]
[BlackElo "2543"]
[EventDate "2003.05.30"]
[PlyCount "35"]

1.e4 c5 2.Nf3 e6 3.Nc3 a6 4.d4 cxd4 5.Nxd4 Nc6 6.f4 Nxd4 7.Qxd4 b5 8.a3 
Bb7 9.Bd3 h5 10.b4 Qc7 11.Bd2 Nf6 12.a4 bxa4 13.Nxa4 d5 14.Nb6 Rd8 15.e5 
Ne4 16.Be3 Be7 17.O-O O-O 18.Na4 1/2-1/2

[Event "4th EUR-ch"]
[Site "Istanbul TUR"]
[Date "2003.06.10"]
[Round "10.36"]
[White "Andersson, Ulf"]
[Black "Godena, Michele"]
[Result "1/2-1/2"]
[WhiteElo "2594"]
[BlackElo "2527"]
[EventDate "2003.05.30"]
[PlyCount "86"]

1.Nf3 d5 2.d4 Nf6 3.c4 c6 4.cxd5 cxd5 5.Nc3 Nc6 6.Bf4 a6 7.Rc1 Bf5 8.e3 
Rc8 9.Be2 e6 10.O-O Bd6 11.Bxd6 Qxd6 12.Na4 O-O 13.Nc5 Rc7 14.h3 e5 15.
dxe5 Nxe5 16.Nb3 Rxc1 17.Qxc1 Rc8 18.Qa1 Bd3 19.Bxd3 Nxd3 20.Qb1 Ne5 21.
Nxe5 Qxe5 22.Rc1 Rc4 23.Nd2 Rc7 24.Rc2 g6 25.Qc1 Rxc2 26.Qxc2 Kg7 27.Nf3 
Qe4 28.Qc7 Qb1+ 29.Kh2 Qxa2 30.Qxb7 Qa4 31.Nd4 Qe8 32.b4 Qe5+ 33.Kg1 Qe4 
34.Nf3 h6 35.Kh2 Qe6 36.Qc7 Ne4 37.Nd4 Qd6+ 38.Qxd6 Nxd6 39.Nb3 Nb5 40.Nc5
Nc7 41.Kg3 Kf6 42.f4 Ke7 43.h4 Kd6 1/2-1/2

[Event "4th EUR-ch"]
[Site "Istanbul TUR"]
[Date "2003.06.10"]
[Round "10.37"]
[White "Dervishi, Erald"]
[Black "Huzman, Alexander"]
[Result "0-1"]
[WhiteElo "2535"]
[BlackElo "2589"]
[EventDate "2003.05.30"]
[PlyCount "120"]

1.e4 c5 2.Nf3 d6 3.d4 cxd4 4.Nxd4 Nf6 5.Nc3 a6 6.Be2 e5 7.Nb3 Be7 8.O-O 
O-O 9.Kh1 Nc6 10.Be3 Be6 11.Qd2 b5 12.f3 d5 13.exd5 Nxd5 14.Nxd5 Qxd5 15.
Qxd5 Bxd5 16.c3 Rfd8 17.Rfd1 Be6 18.Bd3 f5 19.Kg1 Kf7 20.Be2 Rac8 21.Kf1 
Rxd1+ 22.Rxd1 Nb8 23.Nc1 Nd7 24.Nd3 a5 25.a3 Bb3 26.Rd2 Ke6 27.Ke1 Rc6 28.
Nc1 Bc4 29.Bd1 Nf6 30.a4 b4 31.Nb3 bxc3 32.bxc3 Bd5 33.Rd3 Rc8 34.Bb6 Rb8 
35.Ba7 Ra8 36.Bc5 Bc4 37.Rd2 Nd5 38.Bxe7 Kxe7 39.Nc1 Rc8 40.Bb3 Ke6 41.Rc2
Nb6 42.Bxc4+ Nxc4 43.Nb3 Rb8 44.Nc1 Rb1 45.Ke2 Kd5 46.Nd3 Ra1 47.g4 g6 48.
gxf5 gxf5 49.Nc1 Rxa4 50.Nb3 Ra3 51.Nc1 Ra1 52.Kf2 Rb1 53.Ke2 e4 54.fxe4+ 
fxe4 55.h4 Ke5 56.Kf2 a4 57.Na2 a3 58.Nb4 Rb2 59.Re2 Kf4 60.Nd5+ Kg4 0-1

[Event "4th EUR-ch"]
[Site "Istanbul TUR"]
[Date "2003.06.10"]
[Round "10.40"]
[White "Hracek, Zbynek"]
[Black "Comas i Fabrego, Lluis"]
[Result "1/2-1/2"]
[WhiteElo "2584"]
[BlackElo "2490"]
[EventDate "2003.05.30"]
[PlyCount "166"]

1.e4 e5 2.Nf3 Nc6 3.Bb5 d6 4.d4 Bd7 5.Nc3 Nf6 6.Bxc6 Bxc6 7.Qd3 exd4 8.
Nxd4 Bd7 9.Bg5 Be7 10.O-O-O O-O 11.Rhe1 h6 12.Bh4 Ng4 13.Bxe7 Qxe7 14.Qg3 
Rae8 15.Nd5 Qd8 16.f3 Nf6 17.Ne3 g6 18.Qf2 h5 19.Ne2 Bc6 20.Nd4 Bd7 21.Qd2
Qe7 22.h3 Qe5 23.g4 Qf4 24.Rf1 a6 25.Ne2 Qe5 26.Rg1 Bc6 27.Nd4 Qf4 28.gxh5
Nxh5 29.Rg4 Qh6 30.Ndf5 Qh8 31.Rdg1 Re6 32.Rg5 Rfe8 33.Ng4 Kf8 34.Nd4 R6e7
35.Qc3 Qg7 36.Ne3 Nf4 37.Nef5 Qf6 38.Qd2 Nh5 39.Rxh5 gxh5 40.Rg5 Rd8 41.
Rxh5 Ke8 42.Rh6 Qe5 43.Qg5 Kd7 44.Qxe7+ Qxe7 45.Nxe7 Kxe7 46.Nf5+ Kd7 47.
Rh7 Rf8 48.Kd2 Ke8 49.Ke3 Bd7 50.Ng3 Rg8 51.Nh5 Ke7 52.Nf4 Be6 53.Nxe6 
Kxe6 54.Rh6+ Ke7 55.Kf2 Rg5 56.Rh8 Rb5 57.b3 Rc5 58.c4 b5 59.cxb5 axb5 60.
Ra8 b4 61.h4 Rc2+ 62.Kg3 Kf6 63.Ra5 Kg7 64.f4 Re2 65.e5 dxe5 66.fxe5 Rc2 
67.Kf4 c5 68.h5 Kh6 69.Kg4 Rg2+ 70.Kf5 Kxh5 71.Rxc5 Rf2+ 72.Ke4 Rxa2 73.
Rb5 Kg5 74.Rb7 Rb2 75.Rxb4 Re2+ 76.Kd4 Kf5 77.Rb7 Re4+ 78.Kd3 Rxe5 79.
Rxf7+ Ke6 80.Rc7 Kd6 81.Rc4 Rb5 82.b4 Rb6 83.Kc3 Rc6 1/2-1/2

[Event "4th EUR-ch"]
[Site "Istanbul TUR"]
[Date "2003.06.10"]
[Round "10.41"]
[White "Neverov, Valeriy"]
[Black "Mastrovasilis, Athanasios"]
[Result "1-0"]
[WhiteElo "2583"]
[BlackElo "2487"]
[EventDate "2003.05.30"]
[PlyCount "53"]

1.d4 d5 2.c4 e6 3.Nc3 Bb4 4.a3 Bxc3+ 5.bxc3 Ne7 6.e3 O-O 7.Bd3 c5 8.Ne2 
Qc7 9.Qc2 h6 10.O-O Nd7 11.cxd5 exd5 12.Ng3 Nb6 13.a4 cxd4 14.cxd4 Qxc2 
15.Bxc2 Be6 16.Ba3 Rfc8 17.Bd3 Rc3 18.Rfd1 Nec8 19.Bc5 Nc4 20.Rab1 Bg4 21.
Be2 Bd7 22.Rxb7 Bxa4 23.Ra1 N4b6 24.Bg4 g6 25.h4 h5 26.Bxc8 Rxc8 27.Rxa7 
1-0

[Event "4th EUR-ch"]
[Site "Istanbul TUR"]
[Date "2003.06.10"]
[Round "10.42"]
[White "Fontaine, Robert"]
[Black "Delchev, Alexander"]
[Result "1/2-1/2"]
[WhiteElo "2527"]
[BlackElo "2577"]
[EventDate "2003.05.30"]
[PlyCount "60"]

1.e4 e5 2.Nf3 Nc6 3.Bb5 a6 4.Ba4 Nf6 5.O-O Be7 6.Re1 b5 7.Bb3 d6 8.c3 O-O 
9.h3 Na5 10.Bc2 c5 11.d4 Nd7 12.Nbd2 exd4 13.cxd4 Nc6 14.Nf1 Nxd4 15.Nxd4 
cxd4 16.Qxd4 Ne5 17.Qd1 Bf6 18.a4 Rb8 19.axb5 axb5 20.Ne3 Nc4 21.Ra2 Nxe3 
22.Bxe3 Be6 23.Bb3 Bc4 24.Bxc4 bxc4 25.Qd5 Rxb2 26.Rxb2 Bxb2 27.Qxc4 Bf6 
28.Rd1 Qe7 29.Qc6 Re8 30.Rxd6 Qxe4 1/2-1/2

[Event "4th EUR-ch"]
[Site "Istanbul TUR"]
[Date "2003.06.10"]
[Round "10.43"]
[White "Shneider, Alexander"]
[Black "Timofeev, Artiom"]
[Result "1/2-1/2"]
[WhiteElo "2497"]
[BlackElo "2577"]
[EventDate "2003.05.30"]
[PlyCount "100"]

1.d4 d5 2.c4 e6 3.Nc3 c6 4.e4 Bb4 5.cxd5 exd5 6.e5 c5 7.a3 Bxc3+ 8.bxc3 
Ne7 9.Bd3 Qa5 10.Bd2 Nbc6 11.Ne2 Bf5 12.Qb1 Bxd3 13.Qxd3 Qa4 14.f4 cxd4 
15.cxd4 Qc4 16.Qxc4 dxc4 17.a4 Rd8 18.Rc1 Nxd4 19.Rxc4 Nec6 20.Nxd4 Rxd4 
21.Rxd4 Nxd4 22.Kf2 Ke7 23.Bb4+ Ke6 24.Rd1 Nc6 25.Rd6+ Kf5 26.Kf3 h5 27.
Bc5 Rd8 28.Rxd8 Nxd8 29.Bxa7 Ne6 30.Be3 g5 31.fxg5 Kxe5 32.g4 h4 33.h3 Kd5
34.Bf2 Nxg5+ 35.Kg2 f5 36.gxf5 Ke5 37.f6 Ke6 38.Bxh4 Ne4 39.Kf3 Nc5 40.a5 
Nb3 41.Be1 Kxf6 42.Kg4 Kg6 43.h4 Nc5 44.h5+ Kh7 45.Kf5 Nb3 46.Bb4 Nd4+ 47.
Kg4 Nb3 48.Bc3 Nc5 49.Kf5 Nb3 50.Be1 Nd4+ 1/2-1/2

[Event "4th EUR-ch"]
[Site "Istanbul TUR"]
[Date "2003.06.10"]
[Round "10.44"]
[White "Volokytin, Andriy"]
[Black "Olafsson, Helgi"]
[Result "1-0"]
[WhiteElo "2572"]
[BlackElo "2473"]
[EventDate "2003.05.30"]
[PlyCount "75"]

1.e4 c5 2.Nf3 d6 3.d4 cxd4 4.Nxd4 Nf6 5.Nc3 a6 6.a4 Nc6 7.Be2 e5 8.Nb3 Be6
9.Bg5 Be7 10.Bxf6 Bxf6 11.Nd5 Bg5 12.a5 Ne7 13.Nb6 Rb8 14.O-O O-O 15.Bc4 
Nc8 16.Nd5 Kh8 17.Qe2 f5 18.Nc3 Bd7 19.exf5 Bxf5 20.Rad1 Bh6 21.Bd3 Be6 
22.Be4 Qc7 23.Nd5 Qf7 24.Rd3 Ne7 25.Rfd1 Nf5 26.Rf3 g6 27.g4 Qg8 28.Rh3 
Nd4 29.Nxd4 exd4 30.Rxh6 Bxd5 31.Bxg6 Rbe8 32.Qd2 Re4 33.h3 Ref4 34.Rxh7+ 
Qxh7 35.Bxh7 Kxh7 36.Re1 Bc6 37.Re7+ Kg8 38.Qd3 1-0

[Event "4th EUR-ch"]
[Site "Istanbul TUR"]
[Date "2003.06.10"]
[Round "10.45"]
[White "Gdanski, Jacek"]
[Black "Luther, Thomas"]
[Result "1/2-1/2"]
[WhiteElo "2506"]
[BlackElo "2571"]
[EventDate "2003.05.30"]
[PlyCount "31"]

1.e4 c6 2.d4 d5 3.exd5 cxd5 4.c4 Nf6 5.Nc3 e6 6.Nf3 Bb4 7.cxd5 Nxd5 8.Qc2 
Nc6 9.a3 Ba5 10.Bd3 h6 11.O-O O-O 12.Bc4 Nce7 13.Bd2 Bd7 14.Nxd5 exd5 15.
Bd3 Bb6 16.Rfe1 1/2-1/2

[Event "4th EUR-ch"]
[Site "Istanbul TUR"]
[Date "2003.06.10"]
[Round "10.46"]
[White "Guseinov, Kadir"]
[Black "Nevednichy, Vladislav"]
[Result "1-0"]
[WhiteElo "2505"]
[BlackElo "2569"]
[EventDate "2003.05.30"]
[PlyCount "117"]

1.e4 c5 2.Nf3 d6 3.d4 cxd4 4.Nxd4 Nf6 5.Nc3 Nc6 6.Bg5 e6 7.Qd2 Be7 8.O-O-O
O-O 9.f4 h6 10.Bh4 e5 11.Nf5 Bxf5 12.exf5 exf4 13.Kb1 d5 14.Qxf4 d4 15.
Bxf6 Bxf6 16.Ne4 Be5 17.Qf3 Rc8 18.a3 Na5 19.f6 g6 20.Bd3 Nc4 21.Bxc4 Rxc4
22.Rhe1 Qc7 23.Re2 Rc8 24.Qd3 b5 25.h4 Rc6 26.h5 g5 27.Rde1 Bxf6 28.Ng3 
Bg7 29.Re7 Qd8 30.Qxb5 Bf8 31.Re8 Qd7 32.Rxc8 Qxc8 33.Qd3 Rb6 34.Ne4 Bg7 
35.Ng3 Bf8 36.b3 Bxa3 37.Nf5 Bc5 38.g4 Re6 39.Rxe6 Qxe6 40.Qc4 Bb6 41.Ka2 
Kf8 42.Qb4+ Kg8 43.Qd6 Kh7 44.Qf8 Qf6 45.Ne7 Qg7 46.Qc8 d3 47.Qf5+ Kh8 48.
Qc8+ Kh7 49.cxd3 Bd4 50.Qf5+ Kh8 51.Qc8+ Kh7 52.b4 Ba1 53.Kb3 Bd4 54.Qc6 
Bg1 55.Qe4+ Kh8 56.Kc4 Bb6 57.d4 Bc7 58.Qc6 Bb6 59.Nf5 1-0

[Event "4th EUR-ch"]
[Site "Istanbul TUR"]
[Date "2003.06.10"]
[Round "10.47"]
[White "Bartel, Mateusz"]
[Black "Atalik, Suat"]
[Result "0-1"]
[WhiteElo "2443"]
[BlackElo "2568"]
[EventDate "2003.05.30"]
[PlyCount "70"]

1.e4 e6 2.d4 d5 3.Nc3 Bb4 4.e5 Ne7 5.Bd2 b6 6.Nce2 Bxd2+ 7.Qxd2 Ba6 8.f4 
c5 9.Nf3 Nbc6 10.O-O-O Bxe2 11.Bxe2 c4 12.g4 b5 13.f5 exf5 14.gxf5 Nxf5 
15.Kb1 O-O 16.Rhg1 f6 17.Rg4 fxe5 18.dxe5 d4 19.Rdg1 Qe7 20.Qf4 Rae8 21.
Rg5 Nxe5 22.Nxd4 Ng6 23.Nxf5 Nxf4 24.Nxe7+ Rxe7 25.Bg4 h5 26.Bf5 Ref7 27.
Be4 Nh3 28.Bd5 Nxg1 29.Rxg1 Kh7 30.Bxf7 Rxf7 31.b3 c3 32.a3 Kh6 33.Rg3 
Rf1+ 34.Ka2 Rf2 35.Rxc3 Rxh2 0-1

[Event "4th EUR-ch"]
[Site "Istanbul TUR"]
[Date "2003.06.10"]
[Round "10.48"]
[White "Nijboer, Friso"]
[Black "Kritz, Leonid"]
[Result "0-1"]
[WhiteElo "2562"]
[BlackElo "2468"]
[EventDate "2003.05.30"]
[PlyCount "86"]

1.e4 e5 2.Nf3 Nc6 3.Bb5 Nf6 4.O-O Nxe4 5.d4 Nd6 6.Bxc6 dxc6 7.dxe5 Nf5 8.
Qxd8+ Kxd8 9.Nc3 Ke8 10.h3 Be7 11.Bg5 Bxg5 12.Nxg5 h6 13.Nf3 h5 14.Ne2 Ke7
15.Nf4 g6 16.Rfd1 Ng7 17.Rd2 Rd8 18.Rxd8 Kxd8 19.Kf1 Ke7 20.Ke2 a5 21.Kd2 
Ne6 22.Nxe6 Bxe6 23.Ke2 a4 24.Ng5 Bf5 25.Rc1 c5 26.f4 c4 27.a3 c5 28.Rd1 
b5 29.Rd5 c3 30.bxc3 b4 31.cxb4 cxb4 32.Rc5 bxa3 33.Rc7+ Bd7 34.Rc3 Rc8 
35.Kd2 Rxc3 36.Kxc3 h4 37.Nf3 Bc6 38.Nxh4 Be4 39.g4 g5 40.fxg5 Ke6 41.Nf5 
Bxf5 42.gxf5+ Kxf5 43.h4 Kg6 0-1

[Event "4th EUR-ch"]
[Site "Istanbul TUR"]
[Date "2003.06.10"]
[Round "10.50"]
[White "Volkov, Sergei"]
[Black "Glek, Igor"]
[Result "1-0"]
[WhiteElo "2634"]
[BlackElo "2551"]
[EventDate "2003.05.30"]
[PlyCount "77"]

1.d4 Nf6 2.c4 g6 3.Nc3 Bg7 4.e4 d6 5.Be2 O-O 6.Nf3 e5 7.Be3 Na6 8.d5 Ng4 
9.Bg5 f6 10.Bh4 Nh6 11.Nd2 g5 12.Bg3 f5 13.f3 g4 14.Bf2 b6 15.a3 fxe4 16.
fxe4 Nc5 17.O-O a5 18.b4 axb4 19.axb4 Rxa1 20.Qxa1 Nd7 21.Nb5 Qg5 22.Qc3 
Qd8 23.Qa3 Nf6 24.c5 bxc5 25.bxc5 Nh5 26.cxd6 Nf4 27.Bc4 cxd6 28.Nxd6 Bd7 
29.Nb7 Qc8 30.Nc5 Kh8 31.Qa7 Be8 32.Be3 g3 33.hxg3 Rf7 34.Qa6 Nh3+ 35.Kh1 
Qxa6 36.Bxa6 Ng4 37.gxh3 Nxe3 38.Rxf7 Bxf7 39.d6 1-0

[Event "4th EUR-ch"]
[Site "Istanbul TUR"]
[Date "2003.06.10"]
[Round "10.51"]
[White "Pelletier, Yannick"]
[Black "Belov, Vladimir"]
[Result "1/2-1/2"]
[WhiteElo "2623"]
[BlackElo "2549"]
[EventDate "2003.05.30"]
[PlyCount "51"]

1.Nf3 Nf6 2.c4 c5 3.Nc3 e6 4.g3 b6 5.Bg2 Bb7 6.O-O Be7 7.Re1 d6 8.e4 a6 9.
d4 cxd4 10.Nxd4 Qc7 11.Be3 Nbd7 12.f4 Rc8 13.Rc1 Qb8 14.Nd5 exd5 15.exd5 
O-O 16.Nc6 Bxc6 17.dxc6 Qc7 18.cxd7 Nxd7 19.Bf2 Bf6 20.b3 Bb2 21.Rb1 Bc3 
22.Re7 Rce8 23.Rxe8 Rxe8 24.a3 Bf6 25.Bd5 Nc5 26.b4 1/2-1/2

[Event "4th EUR-ch"]
[Site "Istanbul TUR"]
[Date "2003.06.10"]
[Round "10.53"]
[White "Roiz, Michael"]
[Black "Istratescu, Andrei"]
[Result "1/2-1/2"]
[WhiteElo "2529"]
[BlackElo "2593"]
[EventDate "2003.05.30"]
[PlyCount "84"]

1.Nf3 Nf6 2.c4 e6 3.Nc3 b6 4.g3 Bb7 5.Bg2 d5 6.cxd5 Nxd5 7.O-O Nd7 8.Re1 
c5 9.d4 cxd4 10.Nxd5 Bxd5 11.Qxd4 Rc8 12.Be3 Rc4 13.Qd3 Be7 14.Rec1 Rxc1+ 
15.Rxc1 O-O 16.Qa6 Bf6 17.Qxa7 Bxb2 18.Rc7 Nc5 19.Qxb6 Na4 20.Qa5 Nc3 21.
Bf1 Bxf3 22.exf3 Nd5 23.Ra7 Nxe3 24.Qxd8 Rxd8 25.fxe3 Bc1 26.Kf2 Rd2+ 27.
Ke1 Rd8 28.e4 Bd2+ 29.Ke2 Bb4 30.Rb7 Ba3 31.f4 g6 32.e5 h6 33.Rb3 Ra8 34.
Rc3 Bb4 35.Rc2 Ra3 36.Kf2 g5 37.Bc4 gxf4 38.gxf4 Rc3 39.Rxc3 Bxc3 40.a4 
Bd2 41.Kf3 Kf8 42.Kg4 Ke7 1/2-1/2